| 000 | 01411cam a2200325 a 4500 | ||
|---|---|---|---|
| 999 |
_c7486 _d7486 |
||
| 001 | 991018395859706706 | ||
| 003 | OSt | ||
| 005 | 20211202115004.0 | ||
| 008 | 151006s2015 spc|||||||||||||| ||spa|c | ||
| 015 |
_aLL2015 _2bnc |
||
| 017 |
_aDL B 19239-2015 _bBiblioteca de Catalunya |
||
| 020 | _a9788494119354 | ||
| 035 | _a(ES-BaCBU)b64108648-34csuc_network | ||
| 035 | _a(ES-BaCBU).b64108648 | ||
| 035 | _a(ccuc001)b64108648 | ||
| 040 |
_aES-BaCBU _bcat _cCDMR _dES-BaBC |
||
| 080 |
_a070 _22004 |
||
| 100 | 1 |
_aGomis, Llorenç _9492 |
|
| 245 | 1 | 3 |
_aLa Primavera no es noticia : _bartículos sobre periodismo en "La Vanguardia" (1987-2005)/ _cLorenzo Gomis ; coordinadores Francesc-Marc Álvaro y Enric Xicoy ; con introducción de: Josep Maria Carbonell, Màrius Carol, Jordi Pérez Colomé, Albert Sáez, Enric Xicoy, Francesc-Marc Álvaro, Ferran Toutain, Marçal Sintes, Héctor Borrat, Carlos Ruiz y Francesc Canosa ; ilustraciones de Fernando Krahn |
| 260 |
_aBarcelona : _bFacultat de Comunicació i Relacions Internacionals Blanquerna/ _c2015 |
||
| 300 |
_a310 p. : _bil. ; _c24 cm |
||
| 490 | 1 |
_aDocumentos de Estudio ; _v03 |
|
| 700 | 1 | _aÀlvaro, Francesc-Marc, | |
| 700 | 1 | _aXicoy i Comas, Enric, | |
| 830 | 0 |
_aDocumentos de estudio ; _v03 |
|
| 907 |
_a.b64108648 _b17-02-21 _c06-10-15 _d02-11-15 _em _fa _g- _hspa _ispc _j0 _k0 |
||
| 908 |
_aURL _aBC _aUAB _aUPF |
||
| 940 | _aBC | ||
| 942 |
_2udc _cMON |
||